000 01888cam a2200301 4500
001 ABS68234
008 040920n2004 000 0 eng u
035 _a(Sirsi) u127464
245 _aTechnically speaking
260 _c2004
490 _aRICS Business
_vSeptember 2004, 29(1)
520 _aCharts the progress of the TechRICS qualification since its launch in late 1998 and looks at its future. After promising growth in the first three years, TechRICS numbers have been declining but the qualification is not going to die out because of new sources of potential applicants. The main growth is likely to be linked to the new certified home inspector qualifications due to come into force in 2007. Some 7 000 home inspectors will be needed to prepare home condition reports. Other sources of technical surveyors will include HM Land Registry, large estate agency chains and the biggest branch of the TechRICS pipeline, the 200 NVQ candidates emerging from assessment centres around the UK. Outside the UK, there is a strong interest in the technical qualification in Hong Kong. Graph covers technical surveyor numbers from 1998 with predictions to 2008. View the article at www.rics.org.
590 _aABS
590 _aABS
590 _aABS
650 _aHONG KONG
650 _aHOME INSPECTIONS
650 _aHOME CONDITION REPORTS
650 _aRICS
650 _aTECHNICAL SURVEYORS
650 _aQUALIFICATIONS
650 _aTECHRICS
690 _aEDUCATION-CAREERS
856 _uhttps://www.rics.org/RICSWEB/getpage.aspx?p=GB6R7Tg6GEqroGfaDMiSWw==
_zView the article on the RICS website...
856 _uhttps://www.rics.org/RICSWEB/getpage.aspx?p=GB6R7Tg6GEqroGfaDMiSWw==
_zView the article on the RICS website...
856 _uhttps://www.rics.org/RICSWEB/getpage.aspx?p=GB6R7Tg6GEqroGfaDMiSWw==
_zView the article on the RICS website...
942 _n0
999 _c118022
_d118022